000 00930cam a22002054a 4500
005 20250605164048.0
008 250528s ||||||||||||||||||||||||d
035 _a17173
020 _a297768999
040 _aGR-AtMCL
_bgre
_dGR-AtMCL
_eAACR2
245 1 _aAn Introduction to Positive Economics / Fourth Edition
250 _a4th
260 _bWeidenfeld And Nicolson,
_c1975
300 _a796
520 _aThe most comprehensive and up-to-date introduction to economics available to first-year students. Scope and Method, The Elementary Theory of Price, The Intermediate Theory of Demand, The Intermediate Theory of Supply, The Theory of Distribution, The Economy as a Whole, The Circular Flow of Income, The Importance of Money in Circular Flow, The International Economy, Growth and Development, Macro-Economic Policy, Index.
700 1 _aLipsey Richard G.
_93329
942 _cBK
999 _c2608
_d2608